Domáca bylinková záhradka

Bibliographic Details
Main Author: Wagnerová, Radana (Author)
Format: Article
Language:Slovak
PhysicalDescription:Fotogr.
ISSN:1335-1281
Subjects:

MARC

LEADER 00000nab a2200000 ar4500
001 vtls010087703
003 SK-MaSNL
005 20260303080716.0
008 100422c2010 xo mr|p|||||||000 b|slo
015 |a SNBRB2010/04  |2 snkbucl 
038 |a SNKBUCL 
040 |a SNKBUCL  |b slo  |c SNKBUCL  |e AACR2 
041 0 |a slo 
044 |a xo  |c SK 
080 |a 635.7.043  |2 2001 
100 1 |a Wagnerová, Radana  |4 aut  |9 1082919 
245 1 0 |a Domáca bylinková záhradka  |c Radana Wagnerová 
300 |b Fotogr. 
650 0 7 |a bylinky  |x pestovanie  |x prehľady  |2 snkbucl  |9 1082920 
773 0 |t Harmónia  |g Marec 2010, s. 74-76  |x 1335-1281 
852 |a SNK  |b KIS3GCP 
999 |c 1781649  |d 1783579